Statistics for Norske Idrettsutøvere A-Å

Click here to take the quiz!

General Stats

  • This quiz has been taken 151 times
  • The average score is 15 of 29

Answer Stats

HintUtøver% Correct
B«Kongen av skiskyting» med 61 OL og VM medaljer, 44 NM gull og 95 enkeltseire i verdenscupenOle Einar Bjørndalen
97%
CVerdensmester i sjakk siden november 2013Magnus Carlsen
95%
KDenne alpinisten har 16 medaljer i VM og OL, og har vunnet verdenscupen 2 ganger. Han har siden 2010 vært å se på TV Norge sammen med en annen alpinist.Lasse Kjus
81%
NLangrennsløper som har 38 enkeltseire i verdenscupen, 13 VM gull og 2 OL gull. En av få som har vunnet alle VM-distanser. Slo igjennom under NM i langrenn 2006, og har siden sørget for opp- og nedturer med sitt sirkusPetter Northug jr.
78%
IBrødrepar med gull og bronse på 1500 meter under friidrett EM 2016Henrik og Filip Ingebrigtsen
76%
OVerdensmester og Europamester i svømming. Tok Norges første svømmemedalje i OL da han fikk sølv i Beijing 2008Alexander Dale Oen
72%
A«Hjallis»Hjalmar Andersen
70%
ØDen yngste spiller og målscorer i Tippeligaen, den yngste landslagsspiller og Norges første spiller som har signert for Real Madrid CFMartin Ødegaard
69%
DTerrengsykkelist som har vunnet verdenscupen 4 ganger. Vant OL gull i Athen 2004Gunn-Rita Dahle Flesjå
68%
HLandslagskaptein med flere medaljer i OL, VM og EM, blant annet gull fra OL i Beijing 2008. Ble i 2007 kåret til verdens beste håndballspiller av IHFGro Hammerseng-Edin
61%
WNorges mestvinnende langdistanseløper gjennom tidene. Gjorde mye for utviklingen av kvinneidrettGrete Waitz
61%
MKontroversiell fotballspiller med til sammen 78 A-landskamper for Norge, blant annet VM sluttspill i 94 og 98, og EM sluttspill i 2000. Spilte for blant annet Panathinaikos og 1860 MunichErik Mykland
59%
UVant VM Ørkenrally sammenlagt i 2004. Første nordmann som har gjennomført Rally DakarPål Anders Ullevålseter
56%
TDen eneste nordmannen med to OL gull i friidrettAndreas Thorkildsen
53%
ZHan ble i 2010 den tredje nordmannen til å spille i russiske KHLMats Zuccarello Aasen
53%
J«Kupper'n»Knut Johannesen
52%
ÅFotballspiller som begynte og avsluttet karrieren i Tromsø i 2013, etter å ha spilt for 3 klubber i Belgia. Han har 22 landskamper og 2 målOle Martin Årst
50%
LKajakkpadler med blant annet 2 OL-gull i K-1 på 1000 meter fra Athen 2004 og London 2012.Eirik Verås Larsen
50%
GVerdensmester i Freestyle Motocross (FMX) i 2004 og 2007, samt World Cup vinner 2 ganger. En av to nordmenn som har konkurrert i X-games i USAAilo Gaup
47%
FFørste nordmann til å vinne X-games gull i slope style i 1997. Vant VM, EM og World Cup i 1999/2000-sesongen.Daniel Franck
39%
Q | X | ÆIngen-
35%
VKombinertløper med 2 OL gull og 5 VM gull mellom 1997-2001Bjarte Engen Vik
33%
R9 medaljer fra Paralympiske leker, derav 4 gull. Favorittdistansene er 100 meter bryst, 200 meter fri og 200 meter medleySarah Louise Rung
29%
PTok sensasjonelt sølv i kårde menn under OL i London 2012Bartosz Piasecki
26%
SDen eldste av de fire «S»-ene. Tok blant annet OL-gull på 5 000 meter i Innsbruck 1976Sten Stensen
17%
YSkihopper og leder for hoppseksjonen til Det internasjonale skiforbundet fra 1982 til 2004. Meget omstridt i forbindelse med kvinnehoppTorbjørn Yggeseth
17%
EFotballspiller med 105 landskamper, OL-gull i 2000, VM-gull i 1995 og EM-gull i 1993Gro Espeseth
14%

Score Distribution

Percentile by Number Answered

Percent of People with Each Score

Your Score History

You have not taken this quiz